| 000 | 00909cam a22002294a 4500 | ||
|---|---|---|---|
| 001 | 13348099 | ||
| 005 | 20250307185231.0 | ||
| 008 | 030922s2005 ohua b 001 0 eng | ||
| 020 | _a0324187564 | ||
| 020 | _a9780324187564 | ||
| 050 | 0 | 0 |
_aHF5635 _b.S618 2005 |
| 245 | 0 | 0 |
_aAccounting, concepts & applications / _cW. Steve Albrecht ... [et al.]. |
| 250 | _a9th ed. | ||
| 260 |
_aMason, Ohio : _bThomson/South-Western, _cc2005. |
||
| 300 |
_a1 v. (various pagings) : _bcol. ill. ; _c29 cm. |
||
| 650 | 0 | _aAccounting. | |
| 700 | 1 | _aAlbrecht, W. Steve. | |
| 856 | 4 | 1 |
_3Table of contents only _uhttp://www.loc.gov/catdir/enhancements/fy1411/2003113065-t.html |
| 856 | 4 | 2 |
_3Publisher description _uhttp://www.loc.gov/catdir/enhancements/fy1411/2003113065-d.html |
| 856 | 4 | 2 |
_3Contributor biographical information _uhttp://www.loc.gov/catdir/enhancements/fy1411/2003113065-b.html |
| 942 |
_2lcc _cBK _e9th Ed. _n0 |
||
| 999 |
_c4567 _d4567 |
||